000 00303nam a22001337a 4500
008 170727b xxu||||| |||| 00| 0 eng d
020 _a9780071744560
041 _aeng
080 _a004
100 _a31
101 _aSHK
245 _aSHARE POINT 2010 WEB APPLICATIONS
_cHOLLAND,CH
942 _2udc
_cBK
999 _c21978
_d21978